| 000 | 00731cab a2200229 4500 | ||
|---|---|---|---|
| 001 | WB3135-13 | ||
| 008 | 090401t1995 xxu||||| |||| 00| 0 eng d | ||
| 035 | _a(Sirsi) u70369 | ||
| 041 | _aeng | ||
| 245 | _aMore time for rates revaluation | ||
| 260 | _c1995 | ||
| 350 | _a0 | ||
| 490 |
_aHerald _v18 September 1995, 8(1) |
||
| 520 | _aScottish businesses have received an extension of 3 months for lodging appeals against rates revaluation. | ||
| 650 | _aFORUM OF PRIVATE BUSINESS | ||
| 650 | _aRATES REVALUATION | ||
| 650 | _aSCOTLAND | ||
| 650 | _aVALUATION TIMETABLE (SCOTLAND) ORDER 1995 | ||
| 690 | _aPROPERTY-COMMERCIAL PROPERTY-COMMERCIAL PROPERTY APPRAISAL AND VALUATION | ||
| 942 | _n0 | ||
| 948 | _c04/03/1997 | ||
| 999 |
_c44249 _d44249 |
||